| 000 | 00535nam a2200169Ia 4500 | ||
|---|---|---|---|
| 008 | 240729s9999 xx 000 0 und d | ||
| 022 | _a1848-0071 | ||
| 245 | 4 | _aThe Holistic Approach to Environment | |
| 260 | _aCroatia | ||
| 260 | _bAssociation for Promotion of Holistic Approach to Environment | ||
| 650 | _a Environmental protection | ||
| 650 | _a Environmental technology. Sanitary engineering | ||
| 650 | _aTechnology | ||
| 856 | _uhttps://doaj.org/toc/ff0593745f974b5a876d76f4c0b4dbfe | ||
| 942 | _2ddc | ||
| 942 | _cDOAJEJ | ||
| 999 |
_c71055 _d71055 |
||
| 945 |
_a1 _bMadushi Gamage _c1 _dMadushi Gamage |
||